Essays by moden writers / (Record no. 60606)

MARC details
000 -LEADER
campo de control de longitud fija 00425nam a2200157 i 4500
001 - NÚMERO DE CONTROL
campo de control 60606
003 - IDENTIFICADOR DE NÚMERO DE CONTROL
campo de control ES-MaACL
005 - FECHA Y HORA DE LA ÚLTIMA TRANSACCIÓN
campo de control 20230906164253.0
007 - CAMPO FIJO DE DESCRIPCIÓN FÍSICA--INFORMACIÓN GENERAL
campo de control de longitud fija t|
008 - DATOS DE LONGITUD FIJA--INFORMACIÓN GENERAL
campo de control de longitud fija 031105s1935 xxk ||||1| eng d
245 00 - MENCIÓN DEL TÍTULO
Título Essays by moden writers /
Mención de responsabilidad, etc. edited by R.W. Jepson.
260 ## - PUBLICACIÓN, DISTRIBUCIÓN, ETC.
Lugar de publicación, distribución, etc. London :
Nombre del editor, distribuidor, etc. Longmans, Green and Co,
Fecha de publicación, distribución, etc. [1935]
300 ## - DESCRIPCIÓN FÍSICA
Extensión X, 212 p. ;
Dimensiones 19 cm.
700 1# - ENTRADA AGREGADA--NOMBRE PERSONAL
Nombre de persona Jepson, R. W.
9 (RLIN) 66324
852 ## - LOCALIZACIÓN
Ubicación ES-MaACL
Número de control de estantería A-4253
Holdings
Estatus retirado Estado de pérdida Estado de daño No para préstamo Biblioteca de origen Biblioteca actual Ubicación en estantería Fecha de adquisición Fuente de adquisición Total de préstamos Signatura topográfica completa Código de barras Visto por última vez Precio de reemplazo Tipo de ítem Koha
        Biblioteca del Ateneo de Madrid Biblioteca del Ateneo de Madrid Sala Pecera Planta 1 17/01/2008     A-4253 1063563 23/02/2023 23/02/2023 Libro impreso